Państwa na literę L - Statystyki

Ogólne statystyki
  • Ten quiz został rozwiązany 39 razy
  • Średni wynik to 7 z 8
Statystyki odpowiedzi
Hint Odpowiedź % Poprawnych
Europa Liechtenstein
100%
Europa Luksemburg
100%
Europa Litwa
94%
Azja Liban
89%
Azja Laos
86%
Afryka Libia
81%
Afryka Liberia
75%
Afryka Lesotho
72%
Nie znaleziono quizów pasujących do podanych kryteriów
Rozkład punktacji
Procent ludzi z każdym wynikiem
Percentyl według liczby udzielonych odpowiedzi
Twoja historia wyników
Nie rozwiązałeś tego quizu